| Tag |
First Indicator |
Second Indicator |
Subfields |
| LEADER |
00000pam a2200000 i 4500 |
| 001 |
in00000056764 |
| 005 |
20151008050400.0 |
| 008 |
750903s1976 paua p 00010 eng |
| 010 |
|
|
|a 75008188
|
| 020 |
|
|
|a 0721691439
|
| 035 |
|
|
|a (OCoLC)01659485
|
| 035 |
|
|
|9 AAG0739AM
|
| 040 |
|
|
|a DLC
|c DLC
|d TXA
|d UtOrBLW
|
| 049 |
|
|
|a TXAM
|c [1497345]
|
| 050 |
1 |
0 |
|a QD476
|b .W38
|
| 100 |
1 |
|
|a Weeks, Daniel P.
|
| 245 |
1 |
0 |
|a Electron movement :
|b a guide for students of organic chemistry /
|c Daniel P. Weeks.
|
| 264 |
|
1 |
|a Philadelphia :
|b Saunders,
|c [1976]
|
| 264 |
|
4 |
|c ©1976
|
| 300 |
|
|
|a xv, 133 pages :
|b illustrations ;
|c 27 cm.
|
| 336 |
|
|
|a text
|b txt
|2 rdacontent
|
| 337 |
|
|
|a unmediated
|b n
|2 rdamedia
|
| 338 |
|
|
|a volume
|b nc
|2 rdacarrier
|
| 490 |
1 |
|
|a Saunders golden sunburst series
|
| 650 |
|
0 |
|a Physical organic chemistry
|x Programmed instruction.
|
| 830 |
|
0 |
|a Saunders golden sunburst series.
|
| 999 |
|
|
|a MARS
|
| 999 |
f |
f |
|s 453fbe3e-a7dc-3ebf-92ad-9addcf447375
|i 7d1db013-90c0-3706-a773-1747fc4305cd
|t 0
|
| 952 |
f |
f |
|p normal
|a Texas A&M University
|b College Station
|c Sterling C. Evans Library
|s Evans stk
|d Evans: Library Stacks
|t 0
|e QD476 .W38
|h Library of Congress classification
|i unmediated -- volume
|m A14809762533
|
| 998 |
f |
f |
|a QD476 .W38
|t 0
|l Evans: Library Stacks
|